000 00525nam a2200181Ia 4500
003 GCL
008 140319s9999 xx 000 0 ara d
040 _aGCL /
_cGCL
082 0 4 _a819.4
_bع م
100 1 _aعبدالله التطاوى
245 1 0 _aمستويات الحوار فى فنون النثر العباسى /
_cعبدالله التطاوى
300 _a189 ص
490 _a
650 0 4 _aالادب العربى
650 0 4 _aالنثر العربى
650 0 4 _aتاريخ ونقد
942 _2ddc
_cBK
999 _c43575
_d43575